|
|
|
|
| LEADER |
00826cam a2200241 7i4500 |
| 001 |
0000036190 |
| 005 |
20191129090000.0 |
| 007 |
##ta |
| 008 |
191129t20192019xxka b 001 0 eng d |
| 020 |
# |
# |
|a 9781786354723
|
| 040 |
# |
# |
|a MATR
|
| 090 |
0 |
0 |
|a B 382.6
|b RUE
|
| 100 |
1 |
# |
|a Ruel, Huub
|e author
|
| 245 |
1 |
0 |
|a MAKING TRADE MISSIONS WORK :
|b A BEST PRACTICE GUIDE TO INTERNATIONAL BUSINESS AND COMMERCIAL DIPLOMACY
|c Huub Ruel.
|
| 264 |
# |
4 |
|a ♭2019.
|
| 264 |
# |
1 |
|a United Kingdom:
|b Emerald Publishing,
|c 2019.
|
| 300 |
# |
# |
|a xii, 81 pages:
|b illustrations;
|c 24 cm.
|
| 336 |
# |
# |
|a text
|2 rdacontent
|
| 337 |
# |
# |
|a unmediated
|2 rdamedia
|
| 338 |
# |
# |
|a volume
|2 rdacarrier
|
| 504 |
# |
# |
|a Includes bibliographical references (pages 75-78) and index
|
| 650 |
# |
0 |
|a Trade missions
|
| 999 |
|
|
|a B000040927
|b Book
|c Book
|e Business Information Centre
|